Návrh rekonštrukcie vodovodu v bytovom dome
Guardado en:
| Autor principal: | |
|---|---|
| Otros Autores: | |
| Formato: | Manuscrito Libro |
| Lenguaje: | eslovaco |
| Publicado: |
2019
|
| Materias: | |
| Acceso en línea: | http://is.stuba.sk/zp/portal_zp.pl?podrobnosti=145240 https://opac.crzp.sk/?fn=detailBiblioForm&sid=9F8942B94996237AABF81AF666DC |
| Etiquetas: |
Sin Etiquetas, Sea el primero en etiquetar este registro!
|
MARC
| LEADER | 00000ntm a22000003a 4500 | ||
|---|---|---|---|
| 001 | stuzp72981 | ||
| 003 | SK-STU | ||
| 005 | 20230607114052.8 | ||
| 007 | ta | ||
| 008 | 150427s2015----xo-----f-mn---000-0-slo-d | ||
| 040 | |a STU |b slo | ||
| 041 | 0 | |a slo | |
| 100 | 1 | |a Milanová, Petra |u 010290 |k Z4 |4 aut |U SvF Stavebná fakulta |T SvF Katedra technických zariadení budov |X 55562 |U V290 |Y 31 |7 55562 | |
| 242 | 0 | 1 | |a Design of reconstruction of Internal Water Supply in the Dwelling House |y eng |
| 245 | 1 | 0 | |a Návrh rekonštrukcie vodovodu v bytovom dome |
| 260 | |c 2019 | ||
| 650 | 4 | |a dimenzovanie |2 slo | |
| 650 | 4 | |a rekonštrukcia |2 slo | |
| 650 | 4 | |a vnútorný vodovod |2 slo | |
| 650 | 4 | |a sizing |2 eng | |
| 650 | 4 | |a reconstruction |2 eng | |
| 650 | 4 | |a internal water supply |2 eng | |
| 700 | 1 | |a Jánošková, Taťjana |u 010290 |k Z1 |4 ths |U SvF Stavebná fakulta |T SvF Katedra technických zariadení budov |X 2745 |U V290 |Y 31 |7 A000002745 | |
| 856 | 4 | |u http://is.stuba.sk/zp/portal_zp.pl?podrobnosti=145240 | |
| 856 | 4 | |u https://opac.crzp.sk/?fn=detailBiblioForm&sid=9F8942B94996237AABF81AF666DC | |